Dom smútku, Pezinok

Gespeichert in:
Bibliographische Detailangaben
1. Verfasser: Prystai, Ostap (Verfasst von)
Weitere Verfasser: Andráš, Milan (Betreuung Doktorarbeit)
Format: Manuskript Buch
Sprache:Slowakisch
Veröffentlicht: Bratislava 2023
Schlagworte:
Online-Zugang:http://is.stuba.sk/zp/portal_zp.pl?podrobnosti=155750
Tags: Tag hinzufügen
Keine Tags, Fügen Sie das erste Tag hinzu!

MARC

LEADER 00000ntm a22000003a 4500
001 stuzp94171
003 SK-STU
005 20231004103811.2
007 ta
008 150427s2015----xo-----f-mn---000-0-slo-d
040 |a STU  |b slo 
041 0 |a slo 
100 1 |a Prystai, Ostap  |u 058180  |4 aut  |U FAD Fakulta architektúry a dizajnu  |T FAD Ústav architektúry občianskych budov  |X 98888  |U A8180  |Y 399  |7 98888 
242 0 1 |a Funeral Hall, Pezinok  |y eng 
245 1 0 |a Dom smútku, Pezinok 
260 |c 2023  |a Bratislava 
650 4 |a Dom smútku  |2 slo 
650 4 |a Pozemok  |2 slo 
650 4 |a Symbolika  |2 slo 
650 4 |a Funeral house  |2 eng 
650 4 |a Land  |2 eng 
650 4 |a Symbolism  |2 eng 
700 1 |a Andráš, Milan  |4 ths  |X 4208  |7 A000004208 
856 4 |u http://is.stuba.sk/zp/portal_zp.pl?podrobnosti=155750  |u https://opac.crzp.sk/?fn=detailBiblioForm&sid=C03CB0FBA6588971D83F23D1B6BF